The history of the royal agricultural college cirencester : an independant college

Wedi'i Gadw mewn:
Manylion Llyfryddiaeth
Prif Awdur: Sayce, Roger
Fformat: Llyfr
Iaith:Undetermined
Cyhoeddwyd: [London] Alan sutton 1992
Pynciau:
Tagiau: Ychwanegu Tag
Dim Tagiau, Byddwch y cyntaf i dagio'r cofnod hwn!
Thư viện lưu trữ: Trung tâm Học liệu Trường Đại học Cần Thơ
LEADER 00557nam a2200205Ia 4500
001 CTU_127148
008 210402s9999 xx 000 0 und d
082 |a 378 
082 |b S274 
100 |a Sayce, Roger 
245 4 |a The history of the royal agricultural college cirencester : 
245 3 |b an independant college 
245 0 |c Roger Sayce 
260 |a [London] 
260 |b Alan sutton 
260 |c 1992 
650 |a History 
650 |x Agriculture college 
904 |i Hiếu 
980 |a Trung tâm Học liệu Trường Đại học Cần Thơ